000 00485cam a2200181ua 4500
001 6215
008 131125n ii |||gr||||Z||||||eng
040 _cMAIN
082 _a658
245 _aPrinciples & practice of management
_cBy L.M. Prasad
260 _aNew delhi:
_bSultan chand & sons,
_c1987.
300 _axiv,584p.
653 _aGeneral management
653 _aPrinciples and practice of management
653 _aManagement
700 _aPrasad,L.M.,
_eAuthor.
942 _cBK
999 _c5367
_d5367